Normal view
MARC view
Entry Topical Term
001 - CONTROL NUMBER
- control field: 1045245
003 - CONTROL NUMBER IDENTIFIER
- control field: OSt
005 - DATE AND TIME OF LATEST TRANSACTION
- control field: 20260121161450.0
008 - FIXED-LENGTH DATA ELEMENTS
- fixed length control field: 260121|| aca||aabn | a|a d
040 ## - CATALOGING SOURCE
- Original cataloging agency: OSt
- Transcribing agency: OSt
150 ## - HEADING--TOPICAL TERM
- Topical term or geographic name entry element: Psychological Science
670 ## - SOURCE DATA FOUND
- Source citation: Work cat.: (OSt)1611030: Parenting Gifted Children 1045244, Jennifer L. Jolly; Donald J. Treffinger; Tracy Ford Inman
